000 00610nam a2200193 i 4500
001 45394
003 ES-MaACL
007 t|
008 030325s1981 xxk ||||1| eng d
020 _a0-262-03076-4
100 1 _aColquhoun, Alan.
_939896
245 1 0 _aEssays in architectural criticism
_b: modern architecture and historical change /
_cAlan Colquhoun ; preface by Kenneth Frampton.
260 _aCambridge :
_bMIT Press,
_c1981.
300 _a215 p. :
_bil. ;
_c26 cm.
500 _aIndice.
504 _aBibliografía.
700 1 _aFrampton, Kenneth.
_952126
852 _aES-MaACL
_jL-9202
_bR.110919
999 _c45394
_d45394